Tablas matemáticas : aplicables a la retribuciones y derechos pasivos de los funcionarios de administración local / Rafael Martínez Sanjuán aplicables a la retribuciones y derechos pasivos de los funcionarios de administración local / Rafael Martínez Sanjuán
ISBN:
84-404-7654-x
Descripción Física:
v. ; 24 cm
MARC
| LEADER | 00000nam a2200000Ia 4500 | ||
|---|---|---|---|
| 001 | 20046 | ||
| 008 | 160829s1990 xx 000 0 cat d | ||
| 020 | |a 84-404-7654-x (v.2) | ||
| 080 | |a D-3-197 | ||
| 100 | |a Martínez Sanjuán, Rafael |9 45161 | ||
| 245 | |a Tablas matemáticas : |b aplicables a la retribuciones y derechos pasivos de los funcionarios de administración local / Rafael Martínez Sanjuán | ||
| 260 | |a Valencia : |b Federico Domenech, |c 1990 | ||
| 300 | |a v. ; |c 24 cm | ||
| 650 | |a Funcionaris i empleats locals |x Espanya |x Salaris, etc. |9 45162 | ||
| 650 | |a Funcionaris i empleats municipals |x Espanya |x Dret i legislació |9 45163 | ||
| 866 | |a 2 | ||
| 901 | |a Arxiu | ||
| 942 | |n 1 | ||
| 952 | |0 1 |1 0 |2 udc |4 0 |5 2 |6 D3197 |7 1 |9 52405 |a Arxiu |b Arxiu |d 2016-12-01 |l 0 |o D-3-197 |p 20046 |r 2016-12-01 00:00:00 |w 2016-12-01 |y ARXIU | ||
| 999 | |c 56253 |d 56253 | ||